| 000 | 00823cam a22002417a 4500 | ||
|---|---|---|---|
| 001 | 000001898 | ||
| 005 | 20200929145741.0 | ||
| 008 | 870526s1988 ctua b 001 0 eng | ||
| 020 | _a0899302866 | ||
| 040 |
_aDO-SdBNP _cDLC _dDLC |
||
| 050 | 0 | 0 |
_aHG4910 _b.S775 1988 |
| 082 |
_a332.60973 _bS712p |
||
| 245 | 0 | 0 |
_aSupply-side portfolio strategies / _cVictor A. Canto, Arthur B. Laffer. |
| 260 |
_aWestport, Conneticut. : _bQuorum Books, _c1988. |
||
| 300 |
_axii, 180 p. : _bil. ; _c25 cm. |
||
| 504 | _aIncluye bibliografía e índice. | ||
| 650 | 4 |
_aInvestments _zUnited States. _96187 |
|
| 650 | 4 |
_aPortfolio management _zUnited States. _96188 |
|
| 650 | 4 |
_aSupply-side economics _zUnited States. _96189 |
|
| 700 | 1 |
_aCanto, Victor A. _96190 |
|
| 700 | 1 |
_aLaffer, Arthur B. _96191 |
|
| 910 | _aCatalogación por copia / LC | ||
| 999 |
_c1770 _d1770 |
||